[Event "DEM U12 2021"]
[Site "Willingen GER"]
[Date "2021.08.27"]
[Round "7"]
[White "Helms, Finn"]
[Black "Klaska, Philipp Leon"]
[Result "0-1"]
[Termination "normal"]
[Board "3"]
[WhiteElo "1972"]
[BlackElo "1742"]
[WhiteClock "00:06:28"]
[BlackClock "00:05:29"]
[PlyCount "92"]
[WhiteFideId "16249143"]
[BlackFideId "16238044"]
[EventCountry "GER"]
[EventRounds "9"]
[EventType "swiss"]
[EventDate "2021.08.22"]

1. e4 {[%clk 01:30:58]} d5 {[%clk 01:30:46]} {[%emt 00:00:15]} 2. exd5 {[%clk
01:31:06]} {[%emt 00:00:23]} Qxd5 {[%clk 01:31:00]} {[%emt 00:00:15]} 3. d4
{[%clk 01:31:02]} {[%emt 00:00:34]} Nf6 {[%clk 01:31:02]} {[%emt 00:00:29]} 4.
Nc3 {[%clk 01:26:19]} {[%emt 00:05:12]} Qa5 {[%clk 01:30:53]} {[%emt 00:00:39]}
5. h3 {[%clk 01:24:53]} {[%emt 00:01:56]} Ne4 {[%clk 01:22:44]} {[%emt
00:08:39]} 6. Nf3 {[%clk 01:18:47]} {[%emt 00:06:36]} Nxc3 {[%clk 01:17:45]}
{[%emt 00:05:30]} 7. bxc3 {[%clk 01:19:09]} {[%emt 00:00:08]} g6 {[%clk
01:12:33]} {[%emt 00:05:41]} 8. Bd3 {[%clk 01:17:47]} {[%emt 00:01:51]} Bg7
{[%clk 01:09:49]} {[%emt 00:03:14]} 9. O-O {[%clk 01:14:04]} {[%emt 00:04:13]}
O-O {[%clk 00:57:09]} {[%emt 00:13:11]} 10. Bg5 {[%clk 01:10:43]} {[%emt
00:03:50]} Nc6 {[%clk 00:50:54]} {[%emt 00:06:46]} 11. Qd2 {[%clk 01:06:19]}
{[%emt 00:04:54]} Bf5 {[%clk 00:46:50]} {[%emt 00:04:32]} 12. Rfb1 {[%clk
00:58:30]} {[%emt 00:08:21]} Bxd3 {[%clk 00:39:21]} {[%emt 00:08:00]} 13. Qxd3
{[%clk 00:55:19]} {[%emt 00:03:41]} Rab8 {[%clk 00:35:08]} {[%emt 00:04:43]}
14. Rb5 {[%clk 00:51:21]} {[%emt 00:04:27]} Qa3 {[%clk 00:33:51]} {[%emt
00:01:43]} 15. Rab1 {[%clk 00:46:12]} {[%emt 00:05:43]} b6 {[%clk 00:29:52]}
{[%emt 00:04:30]} 16. Qc4 {[%clk 00:34:26]} {[%emt 00:12:16]} a6 {[%clk
00:24:44]} {[%emt 00:05:38]} 17. Rd5 {[%clk 00:29:20]} {[%emt 00:05:36]} Na5
{[%clk 00:23:27]} {[%emt 00:01:44]} 18. Qf1 {[%clk 00:13:29]} {[%emt 00:16:24]}
Qxc3 {[%clk 00:19:45]} {[%emt 00:04:12]} 19. Rd7 {[%clk 00:12:39]} {[%emt
00:01:20]} Rfe8 {[%clk 00:16:41]} {[%emt 00:03:34]} 20. Rxe7 {[%clk 00:12:03]}
{[%emt 00:01:06]} Rxe7 {[%clk 00:15:43]} {[%emt 00:01:28]} 21. Bxe7 {[%clk
00:12:22]} {[%emt 00:00:12]} Qxc2 {[%clk 00:14:16]} {[%emt 00:01:57]} 22. Rc1
{[%clk 00:11:36]} {[%emt 00:01:15]} Qxa2 {[%clk 00:12:45]} {[%emt 00:02:01]}
23. Rxc7 {[%clk 00:11:53]} {[%emt 00:00:12]} b5 {[%clk 00:11:38]} {[%emt
00:01:37]} 24. Qe1 {[%clk 00:09:39]} {[%emt 00:02:43]} Nb7 {[%clk 00:09:35]}
{[%emt 00:02:32]} 25. Qe4 {[%clk 00:09:27]} {[%emt 00:00:43]} Nd8 {[%clk
00:07:46]} {[%emt 00:02:19]} 26. d5 {[%clk 00:07:53]} {[%emt 00:02:03]} f5
{[%clk 00:06:57]} {[%emt 00:01:20]} 27. Qd3 {[%clk 00:07:18]} {[%emt 00:01:04]}
Qa1+ {[%clk 00:07:01]} {[%emt 00:00:26]} 28. Kh2 {[%clk 00:05:39]} {[%emt
00:02:10]} Be5+ {[%clk 00:06:30]} {[%emt 00:01:01]} 29. g3 {[%clk 00:05:40]}
{[%emt 00:00:28]} Bxc7 {[%clk 00:06:19]} {[%emt 00:00:41]} 30. d6 {[%clk
00:05:55]} {[%emt 00:00:15]} Bb6 {[%clk 00:05:32]} {[%emt 00:01:18]} 31. Qd5+
{[%clk 00:05:43]} {[%emt 00:00:42]} Nf7 {[%clk 00:05:13]} {[%emt 00:00:50]} 32.
Ng5 {[%clk 00:05:50]} {[%emt 00:00:23]} Qg7 {[%clk 00:05:30]} {[%emt 00:00:10]}
33. Ne6 {[%clk 00:06:10]} {[%emt 00:00:13]} Qe5 {[%clk 00:05:23]} {[%emt
00:00:36]} 34. Qa2 {[%clk 00:05:38]} {[%emt 00:01:02]} Bxf2 {[%clk 00:05:00]}
{[%emt 00:00:54]} 35. Qxf2 {[%clk 00:04:42]} {[%emt 00:01:26]} Qxe6 {[%clk
00:05:21]} {[%emt 00:00:09]} 36. Qa7 {[%clk 00:04:47]} {[%emt 00:00:26]} Rc8
{[%clk 00:05:08]} {[%emt 00:00:41]} 37. Qf2 {[%clk 00:04:17]} {[%emt 00:01:01]}
Nxd6 {[%clk 00:04:31]} {[%emt 00:01:08]} 38. Bxd6 {[%clk 00:04:30]} {[%emt
00:00:17]} Qxd6 {[%clk 00:04:42]} {[%emt 00:00:19]} 39. h4 {[%clk 00:04:40]}
{[%emt 00:00:20]} Rc3 {[%clk 00:03:56]} {[%emt 00:01:15]} 40. Qa2+ {[%clk
00:04:36]} {[%emt 00:00:35]} Kf8 {[%clk 00:04:04]} {[%emt 00:00:20]} 41. Qb2
{[%clk 00:04:21]} {[%emt 00:00:47]} Qxg3+ {[%clk 00:04:02]} {[%emt 00:00:31]}
42. Kh1 {[%clk 00:04:51]} Qxh4+ {[%clk 00:04:23]} {[%emt 00:00:10]} 43. Kg1
{[%clk 00:05:11]} {[%emt 00:00:09]} Rg3+ {[%clk 00:04:44]} {[%emt 00:00:10]}
44. Kf1 {[%clk 00:05:34]} {[%emt 00:00:07]} Qh1+ {[%clk 00:05:04]} {[%emt
00:00:10]} 45. Kf2 {[%clk 00:06:00]} {[%emt 00:00:04]} Qh2+ {[%clk 00:05:29]}
{[%emt 00:00:05]} 46. Kf1 {[%clk 00:06:28]} {[%emt 00:00:03]} Rg1# {[%emt
00:00:04]} 0-1

[Event "DEM U12 2021"]
[Site "Willingen GER"]
[Date "2021.08.27"]
[Round "7"]
[White "Haubold, Sebastian Marcel"]
[Black "Torosyan, Bagrat"]
[Result "1-0"]
[Termination "normal"]
[Board "4"]
[WhiteElo "1813"]
[BlackElo "1598"]
[WhiteClock "00:04:30"]
[BlackClock "00:04:19"]
[PlyCount "119"]
[WhiteFideId "16259637"]
[BlackFideId "16258134"]
[EventCountry "GER"]
[EventRounds "9"]
[EventType "swiss"]
[EventDate "2021.08.22"]

1. e4 {[%clk 01:30:58]} {[%emt 00:00:01]} e5 {[%clk 01:30:56]} {[%emt
00:00:05]} 2. Nf3 {[%clk 01:31:23]} {[%emt 00:00:05]} Nc6 {[%clk 01:31:20]}
{[%emt 00:00:06]} 3. Bb5 {[%clk 01:31:48]} {[%emt 00:00:05]} a6 {[%clk
01:31:45]} {[%emt 00:00:05]} 4. Ba4 {[%clk 01:32:14]} {[%emt 00:00:03]} Nf6
{[%emt 00:00:07]} 5. O-O {[%clk 01:32:32]} {[%emt 00:00:09]} Be7 {[%clk
01:32:36]} {[%emt 00:00:05]} 6. d3 {[%clk 01:32:52]} {[%emt 00:00:10]} b5
{[%clk 01:32:53]} {[%emt 00:00:13]} 7. Bb3 {[%clk 01:33:16]} {[%emt 00:00:06]}
O-O {[%clk 01:33:15]} {[%emt 00:00:08]} 8. Re1 {[%clk 01:32:59]} {[%emt
00:00:47]} d6 {[%clk 01:32:42]} {[%emt 00:01:03]} 9. c3 {[%clk 01:32:20]}
{[%emt 00:01:09]} Na5 {[%clk 01:31:38]} {[%emt 00:01:33]} 10. Bc2 {[%clk
01:31:56]} {[%emt 00:00:54]} c5 {[%clk 01:31:55]} {[%emt 00:00:13]} 11. Nbd2
{[%clk 01:30:18]} {[%emt 00:02:07]} Nc6 {[%clk 01:31:18]} {[%emt 00:01:07]} 12.
Nf1 {[%clk 01:28:42]} {[%emt 00:02:06]} Qc7 {[%clk 01:30:30]} {[%emt 00:01:18]}
13. Ng3 {[%clk 01:24:37]} {[%emt 00:04:35]} Re8 {[%clk 01:29:13]} {[%emt
00:01:47]} 14. a4 {[%clk 01:19:45]} {[%emt 00:05:22]} Bb7 {[%clk 01:28:22]}
{[%emt 00:01:21]} 15. Nf5 {[%clk 01:16:15]} {[%emt 00:04:00]} Bf8 {[%clk
01:28:14]} {[%emt 00:00:38]} 16. N3h4 {[%clk 01:11:16]} {[%emt 00:05:30]} Kh8
{[%clk 01:15:55]} {[%emt 00:12:48]} 17. Bg5 {[%clk 01:03:59]} {[%emt 00:07:46]}
Ng8 {[%clk 01:11:50]} {[%emt 00:04:35]} 18. Qf3 {[%clk 01:01:00]} {[%emt
00:03:30]} g6 {[%clk 01:06:17]} {[%emt 00:06:03]} 19. Ne3 {[%clk 01:00:08]}
{[%emt 00:01:21]} Nd8 {[%clk 01:04:41]} {[%emt 00:02:07]} 20. Ng4 {[%clk
00:50:01]} {[%emt 00:10:38]} Bg7 {[%clk 00:57:39]} {[%emt 00:07:32]} 21. axb5
{[%clk 00:46:12]} {[%emt 00:04:19]} axb5 {[%clk 00:55:55]} {[%emt 00:02:14]}
22. Rxa8 {[%clk 00:45:55]} {[%emt 00:00:47]} Bxa8 {[%clk 00:56:19]} {[%emt
00:00:06]} 23. Qh3 {[%clk 00:38:21]} {[%emt 00:08:03]} Ne6 {[%clk 00:49:57]}
{[%emt 00:06:52]} 24. Bc1 {[%clk 00:37:36]} {[%emt 00:01:15]} Nf6 {[%clk
00:39:18]} {[%emt 00:11:09]} 25. Nh6 {[%clk 00:33:00]} {[%emt 00:05:06]} Ng8
{[%clk 00:32:47]} {[%emt 00:07:01]} 26. Nf3 {[%clk 00:27:33]} {[%emt 00:05:57]}
Nxh6 {[%clk 00:28:31]} {[%emt 00:04:45]} 27. Bxh6 {[%clk 00:27:55]} {[%emt
00:00:08]} Kg8 {[%clk 00:27:05]} {[%emt 00:01:57]} 28. Bb3 {[%clk 00:21:39]}
{[%emt 00:06:47]} c4 {[%clk 00:26:08]} {[%emt 00:01:27]} 29. Bc2 {[%clk
00:21:02]} {[%emt 00:01:06]} cxd3 {[%clk 00:22:33]} {[%emt 00:04:05]} 30. Bxd3
{[%clk 00:21:24]} {[%emt 00:00:09]} Bc6 {[%clk 00:22:53]} {[%emt 00:00:10]} 31.
Bc2 {[%clk 00:18:24]} {[%emt 00:03:30]} Bd7 {[%clk 00:18:16]} {[%emt 00:05:07]}
32. Bxg7 {[%clk 00:15:08]} {[%emt 00:03:46]} Kxg7 {[%clk 00:17:36]} {[%emt
00:01:10]} 33. Qg3 {[%clk 00:15:08]} {[%emt 00:00:30]} Nf4 {[%clk 00:14:30]}
{[%emt 00:03:36]} 34. Nh4 {[%clk 00:13:08]} {[%emt 00:02:30]} Kh8 {[%clk
00:13:28]} {[%emt 00:01:32]} 35. Qe3 {[%clk 00:11:27]} {[%emt 00:02:11]} Ra8
{[%clk 00:10:05]} {[%emt 00:03:53]} 36. Bb3 {[%clk 00:09:42]} {[%emt 00:02:16]}
Be6 {[%clk 00:08:38]} {[%emt 00:01:58]} 37. Bxe6 {[%clk 00:09:40]} {[%emt
00:00:32]} Nxe6 {[%clk 00:08:58]} {[%emt 00:00:09]} 38. g3 {[%clk 00:08:19]}
{[%emt 00:01:51]} Qc5 {[%clk 00:08:28]} {[%emt 00:01:01]} 39. Qd3 {[%clk
00:06:59]} {[%emt 00:01:50]} Ng5 {[%clk 00:08:07]} {[%emt 00:00:51]} 40. Kg2
{[%clk 00:07:18]} {[%emt 00:00:11]} Ra2 {[%clk 00:08:01]} {[%emt 00:00:37]} 41.
Re2 {[%clk 00:06:32]} {[%emt 00:01:16]} Qc8 {[%clk 00:06:28]} {[%emt 00:02:02]}
42. Qe3 {[%clk 00:01:27]} {[%emt 00:05:35]} Qh3+ {[%clk 00:06:05]} {[%emt
00:00:53]} 43. Kg1 {[%clk 00:01:56]} {[%emt 00:00:02]} Ra1+ {[%clk 00:04:50]}
{[%emt 00:01:45]} 44. Re1 {[%clk 00:02:23]} {[%emt 00:00:02]} Rxe1+ {[%clk
00:04:25]} {[%emt 00:00:55]} 45. Qxe1 {[%clk 00:02:51]} {[%emt 00:00:02]} Qxh4
{[%clk 00:02:24]} {[%emt 00:02:31]} 46. gxh4 {[%clk 00:03:14]} {[%emt
00:00:08]} Nf3+ {[%clk 00:02:49]} {[%emt 00:00:04]} 47. Kf1 {[%clk 00:03:43]}
{[%emt 00:00:01]} Nxe1 {[%clk 00:03:12]} {[%emt 00:00:07]} 48. Kxe1 {[%clk
00:04:08]} {[%emt 00:00:05]} Kg7 {[%clk 00:03:28]} {[%emt 00:00:14]} 49. Ke2
{[%clk 00:03:36]} {[%emt 00:01:02]} Kh6 {[%clk 00:03:36]} {[%emt 00:00:23]} 50.
Kd3 {[%clk 00:03:10]} {[%emt 00:00:56]} f5 {[%clk 00:03:24]} {[%emt 00:00:42]}
51. b4 {[%clk 00:01:24]} {[%emt 00:02:16]} Kg7 {[%clk 00:03:17]} {[%emt
00:00:37]} 52. f3 {[%clk 00:01:40]} {[%emt 00:00:14]} Kf6 {[%clk 00:03:09]}
{[%emt 00:00:38]} 53. c4 {[%clk 00:01:59]} {[%emt 00:00:11]} bxc4+ {[%clk
00:03:23]} {[%emt 00:00:17]} 54. Kxc4 {[%clk 00:02:24]} {[%emt 00:00:05]} fxe4
{[%clk 00:03:03]} {[%emt 00:00:50]} 55. fxe4 {[%clk 00:02:45]} {[%emt
00:00:08]} Ke6 {[%clk 00:03:27]} {[%emt 00:00:06]} 56. b5 {[%clk 00:03:01]}
{[%emt 00:00:14]} h6 {[%clk 00:03:01]} {[%emt 00:00:55]} 57. b6 {[%clk
00:03:24]} {[%emt 00:00:07]} Kd7 {[%clk 00:03:28]} {[%emt 00:00:03]} 58. Kd5
{[%clk 00:03:47]} {[%emt 00:00:07]} g5 {[%clk 00:03:53]} {[%emt 00:00:04]} 59.
hxg5 {[%clk 00:04:08]} {[%emt 00:00:09]} hxg5 {[%clk 00:04:19]} {[%emt
00:00:05]} 60. h3 {[%clk 00:04:30]} {[%emt 00:00:08]} 1-0

[Event "DEM U12 2021"]
[Site "Willingen GER"]
[Date "2021.08.27"]
[Round "7"]
[White "Neuhoff, Laertes"]
[Black "Aniol, Nico"]
[Result "1-0"]
[Termination "normal"]
[Board "5"]
[WhiteElo "1847"]
[BlackElo "1448"]
[WhiteClock "00:06:55"]
[BlackClock "00:30:25"]
[PlyCount "131"]
[WhiteFideId "16279719"]
[BlackFideId "16287096"]
[EventCountry "GER"]
[EventRounds "9"]
[EventType "swiss"]
[EventDate "2021.08.22"]

1. e4 {[%clk 01:30:59]} {[%emt 00:00:01]} c5 {[%clk 01:30:00]} {[%emt
00:01:00]} 2. Nf3 {[%clk 01:31:15]} {[%emt 00:00:14]} Nc6 {[%clk 01:28:36]}
{[%emt 00:01:54]} 3. d4 {[%clk 01:31:29]} {[%emt 00:00:16]} cxd4 {[%clk
01:27:58]} {[%emt 00:01:08]} 4. Nxd4 {[%clk 01:31:34]} {[%emt 00:00:24]} Nf6
{[%clk 01:27:00]} {[%emt 00:01:28]} 5. Nc3 {[%clk 01:31:48]} {[%emt 00:00:16]}
e5 {[%clk 01:25:49]} {[%emt 00:01:41]} 6. Ndb5 {[%clk 01:31:21]} {[%emt
00:00:57]} d6 {[%clk 01:22:11]} {[%emt 00:04:08]} 7. Bg5 {[%clk 01:30:47]}
{[%emt 00:01:04]} a6 {[%clk 01:21:08]} {[%emt 00:01:34]} 8. Na3 {[%clk
01:30:11]} {[%emt 00:01:06]} b5 {[%clk 01:20:00]} {[%emt 00:01:38]} 9. Bxf6
{[%clk 01:29:45]} {[%emt 00:00:55]} gxf6 {[%clk 01:18:57]} {[%emt 00:01:32]}
10. Nd5 {[%clk 01:29:02]} {[%emt 00:01:13]} f5 {[%clk 01:17:27]} {[%emt
00:02:00]} 11. Bd3 {[%clk 01:27:39]} {[%emt 00:01:53]} Be6 {[%clk 01:15:46]}
{[%emt 00:02:10]} 12. O-O {[%clk 01:25:41]} {[%emt 00:02:29]} Bxd5 {[%clk
01:13:43]} {[%emt 00:02:33]} 13. exd5 {[%clk 01:26:00]} {[%emt 00:00:11]} Ne7
{[%clk 01:13:08]} {[%emt 00:01:04]} 14. c3 {[%clk 01:20:35]} {[%emt 00:05:54]}
Bg7 {[%clk 01:11:39]} {[%emt 00:01:58]} 15. Qh5 {[%clk 01:13:48]} {[%emt
00:07:18]} e4 {[%clk 01:09:00]} {[%emt 00:03:10]} 16. Bc2 {[%clk 01:12:44]}
{[%emt 00:01:33]} O-O {[%clk 01:05:24]} {[%emt 00:04:07]} 17. Rae1 {[%clk
01:07:04]} {[%emt 00:06:10]} Qc8 {[%clk 00:59:38]} {[%emt 00:06:15]} 18. Kh1
{[%clk 00:51:38]} {[%emt 00:15:57]} Nxd5 {[%clk 00:51:34]} {[%emt 00:08:33]}
19. Bxe4 {[%clk 00:40:28]} {[%emt 00:11:41]} Nf6 {[%clk 00:46:06]} {[%emt
00:05:58]} 20. Qxf5 {[%clk 00:39:24]} {[%emt 00:01:34]} Qxf5 {[%clk 00:45:09]}
{[%emt 00:01:18]} 21. Bxf5 {[%clk 00:39:42]} {[%emt 00:00:22]} Rfe8 {[%clk
00:43:22]} {[%emt 00:02:16]} 22. Nc2 {[%clk 00:34:55]} {[%emt 00:05:17]} Rxe1
{[%clk 00:40:19]} {[%emt 00:03:33]} 23. Rxe1 {[%clk 00:34:49]} {[%emt
00:00:35]} Re8 {[%clk 00:40:44]} {[%emt 00:00:05]} 24. Rxe8+ {[%clk 00:28:12]}
{[%emt 00:07:08]} Nxe8 {[%clk 00:40:21]} {[%emt 00:00:52]} 25. g3 {[%clk
00:24:31]} {[%emt 00:04:12]} h6 {[%clk 00:39:36]} {[%emt 00:01:15]} 26. Kg2
{[%clk 00:19:08]} {[%emt 00:05:53]} Kf8 {[%clk 00:38:37]} {[%emt 00:01:29]} 27.
Kf3 {[%clk 00:14:27]} {[%emt 00:05:10]} Ke7 {[%clk 00:37:40]} {[%emt 00:01:27]}
28. Ke4 {[%clk 00:14:15]} {[%emt 00:00:42]} Nf6+ {[%clk 00:37:02]} {[%emt
00:01:08]} 29. Kd3 {[%clk 00:13:47]} {[%emt 00:00:58]} Nd5 {[%clk 00:35:07]}
{[%emt 00:02:25]} 30. Nd4 {[%clk 00:10:31]} {[%emt 00:03:46]} Nc7 {[%clk
00:34:14]} {[%emt 00:01:23]} 31. Bc8 {[%clk 00:08:35]} {[%emt 00:02:25]} Kd8
{[%clk 00:31:28]} {[%emt 00:03:16]} 32. Bg4 {[%clk 00:06:37]} {[%emt 00:02:28]}
Nd5 {[%clk 00:30:04]} {[%emt 00:01:55]} 33. Nf5 {[%clk 00:05:24]} {[%emt
00:01:42]} Bf8 {[%clk 00:29:39]} {[%emt 00:00:55]} 34. Bh5 {[%clk 00:03:37]}
{[%emt 00:02:17]} f6 {[%clk 00:27:51]} {[%emt 00:02:19]} 35. a3 {[%clk
00:02:20]} {[%emt 00:01:48]} Nb6 {[%clk 00:27:23]} {[%emt 00:00:57]} 36. Bf7
{[%clk 00:01:57]} {[%emt 00:00:53]} Kc7 {[%clk 00:27:21]} {[%emt 00:00:32]} 37.
f4 {[%clk 00:01:53]} {[%emt 00:00:34]} Na4 {[%clk 00:26:17]} {[%emt 00:01:33]}
38. b3 {[%clk 00:01:50]} {[%emt 00:00:33]} Nb6 {[%clk 00:26:12]} {[%emt
00:00:35]} 39. h4 {[%clk 00:01:46]} {[%emt 00:00:33]} Nc8 {[%clk 00:26:06]}
{[%emt 00:00:38]} 40. g4 {[%clk 00:01:15]} {[%emt 00:01:01]} Ne7 {[%clk
00:25:10]} {[%emt 00:01:26]} 41. Nd4 {[%clk 00:01:18]} {[%emt 00:00:27]} Nc6
{[%clk 00:24:39]} {[%emt 00:01:01]} 42. Ne6+ {[%clk 00:01:11]} {[%emt
00:00:37]} Kd7 {[%clk 00:24:59]} {[%emt 00:00:11]} 43. Nxf8+ {[%clk 00:01:17]}
{[%emt 00:00:24]} Ke7 {[%clk 00:25:27]} {[%emt 00:00:02]} 44. Bd5 {[%clk
00:01:28]} {[%emt 00:00:19]} Kxf8 {[%clk 00:24:48]} {[%emt 00:01:09]} 45. Bxc6
{[%clk 00:01:52]} {[%emt 00:00:06]} f5 {[%clk 00:25:06]} {[%emt 00:00:12]} 46.
g5 {[%clk 00:02:15]} {[%emt 00:00:07]} Kg7 {[%clk 00:25:16]} {[%emt 00:00:21]}
47. Kd4 {[%clk 00:02:29]} {[%emt 00:00:16]} Kg6 {[%clk 00:25:10]} {[%emt
00:00:31]} 48. Be8+ {[%clk 00:02:54]} {[%emt 00:00:10]} Kg7 {[%clk 00:25:31]}
{[%emt 00:00:08]} 49. Kd5 {[%clk 00:03:16]} {[%emt 00:00:08]} hxg5 {[%clk
00:25:50]} {[%emt 00:00:11]} 50. fxg5 {[%clk 00:03:41]} {[%emt 00:00:05]} Kh7
{[%clk 00:26:00]} {[%emt 00:00:20]} 51. h5 {[%clk 00:04:06]} {[%emt 00:00:05]}
f4 {[%clk 00:26:25]} {[%emt 00:00:06]} 52. Ke4 {[%clk 00:04:33]} {[%emt
00:00:03]} d5+ {[%clk 00:26:44]} {[%emt 00:00:12]} 53. Kxf4 {[%clk 00:04:55]}
{[%emt 00:00:07]} Kg7 {[%clk 00:27:01]} {[%emt 00:00:12]} 54. Kf5 {[%clk
00:05:16]} {[%emt 00:00:09]} a5 {[%clk 00:27:25]} {[%emt 00:00:07]} 55. h6+
{[%clk 00:05:42]} {[%emt 00:00:04]} Kf8 {[%clk 00:27:43]} {[%emt 00:00:09]} 56.
h7 {[%clk 00:06:03]} {[%emt 00:00:13]} Kg7 {[%clk 00:28:10]} {[%emt 00:00:03]}
57. g6 {[%clk 00:06:18]} {[%emt 00:00:14]} a4 {[%clk 00:28:33]} {[%emt
00:00:08]} 58. bxa4 {[%clk 00:06:39]} {[%emt 00:00:08]} bxa4 {[%clk 00:28:52]}
{[%emt 00:00:11]} 59. Bxa4 {[%clk 00:07:07]} {[%emt 00:00:02]} d4 {[%clk
00:29:10]} {[%emt 00:00:12]} 60. cxd4 {[%clk 00:07:21]} {[%emt 00:00:16]} Kh8
{[%clk 00:28:45]} {[%emt 00:00:55]} 61. d5 {[%clk 00:07:34]} {[%emt 00:00:17]}
Kg7 {[%clk 00:29:09]} {[%emt 00:00:07]} 62. d6 {[%clk 00:07:57]} {[%emt
00:00:07]} Kh8 {[%clk 00:29:32]} {[%emt 00:00:07]} 63. d7 {[%clk 00:08:14]}
{[%emt 00:00:13]} Kg7 {[%clk 00:29:59]} {[%emt 00:00:02]} 64. Kg5 {[%clk
00:06:33]} {[%emt 00:02:11]} Kf8 {[%clk 00:30:05]} {[%emt 00:00:24]} 65. d8=Q+
{[%clk 00:06:55]} {[%emt 00:00:06]} Kg7 {[%clk 00:30:25]} {[%emt 00:00:17]} 66.
h8=Q# {[%emt 00:00:05]} 1-0

[Event "DEM U12 2021"]
[Site "Willingen GER"]
[Date "2021.08.27"]
[Round "7"]
[White "Engel, Bruno"]
[Black "Sauer, Tim"]
[Result "0-1"]
[Termination "normal"]
[Board "6"]
[WhiteElo "1660"]
[BlackElo "1810"]
[WhiteClock "00:30:39"]
[BlackClock "00:06:26"]
[PlyCount "76"]
[WhiteFideId "34609008"]
[BlackFideId "16265726"]
[EventCountry "GER"]
[EventRounds "9"]
[EventType "swiss"]
[EventDate "2021.08.22"]

1. e4 {[%clk 01:30:57]} {[%emt 00:00:02]} c6 {[%clk 01:30:57]} {[%emt
00:00:04]} 2. d4 {[%clk 01:31:18]} {[%emt 00:00:08]} d5 {[%clk 01:31:21]}
{[%emt 00:00:06]} 3. exd5 {[%clk 01:31:24]} {[%emt 00:00:25]} cxd5 {[%clk
01:31:44]} {[%emt 00:00:06]} 4. c4 {[%clk 01:31:43]} {[%emt 00:00:11]} Nf6
{[%clk 01:31:58]} {[%emt 00:00:17]} 5. Nc3 {[%clk 01:31:50]} {[%emt 00:00:22]}
g6 {[%clk 01:32:22]} {[%emt 00:00:06]} 6. Nf3 {[%clk 01:27:58]} {[%emt
00:04:23]} Bg7 {[%clk 01:32:42]} {[%emt 00:00:09]} 7. Bg5 {[%clk 01:25:11]}
{[%emt 00:03:17]} O-O {[%clk 01:30:19]} {[%emt 00:02:53]} 8. Be2 {[%clk
01:21:38]} {[%emt 00:04:04]} Ne4 {[%clk 01:26:45]} {[%emt 00:04:03]} 9. Be3
{[%clk 01:21:05]} {[%emt 00:01:02]} Nxc3 {[%clk 01:22:10]} {[%emt 00:05:07]}
10. bxc3 {[%clk 01:21:28]} {[%emt 00:00:07]} dxc4 {[%clk 01:18:11]} {[%emt
00:04:29]} 11. Rb1 {[%clk 01:20:07]} {[%emt 00:01:51]} Qc7 {[%clk 01:18:09]}
{[%emt 00:00:30]} 12. Qd2 {[%clk 01:17:39]} {[%emt 00:02:59]} Nd7 {[%clk
01:01:44]} {[%emt 00:16:55]} 13. a4 {[%clk 01:15:08]} {[%emt 00:03:02]} Nf6
{[%clk 00:55:06]} {[%emt 00:07:07]} 14. Bf4 {[%clk 01:09:22]} {[%emt 00:06:15]}
Qa5 {[%clk 00:52:39]} {[%emt 00:02:58]} 15. Rb4 {[%clk 01:06:34]} {[%emt
00:03:19]} Nd5 {[%clk 00:43:15]} {[%emt 00:09:53]} 16. Rb5 {[%clk 01:06:38]}
{[%emt 00:00:26]} Qd8 {[%clk 00:43:07]} {[%emt 00:00:37]} 17. Bh6 {[%clk
00:55:34]} {[%emt 00:11:35]} a6 {[%clk 00:35:48]} {[%emt 00:07:49]} 18. Bxg7
{[%clk 00:49:15]} {[%emt 00:06:48]} Kxg7 {[%clk 00:34:30]} {[%emt 00:01:48]}
19. Rc5 {[%clk 00:43:43]} {[%emt 00:06:03]} Nf6 {[%clk 00:26:40]} {[%emt
00:08:19]} 20. Rxc4 {[%clk 00:39:40]} {[%emt 00:04:34]} b5 {[%clk 00:22:12]}
{[%emt 00:04:57]} 21. Rc5 {[%clk 00:33:24]} {[%emt 00:06:46]} Ne4 {[%clk
00:18:56]} {[%emt 00:03:46]} 22. Qe3 {[%clk 00:32:58]} {[%emt 00:00:55]} Nxc5
{[%clk 00:19:01]} {[%emt 00:00:26]} 23. dxc5 {[%clk 00:33:23]} {[%emt
00:00:05]} bxa4 {[%clk 00:17:14]} {[%emt 00:02:17]} 24. h4 {[%clk 00:31:31]}
{[%emt 00:02:22]} h5 {[%clk 00:14:50]} {[%emt 00:02:53]} 25. Nd4 {[%clk
00:31:06]} {[%emt 00:00:55]} Qc7 {[%clk 00:11:50]} {[%emt 00:03:30]} 26. f4
{[%clk 00:31:17]} {[%emt 00:00:19]} Rb8 {[%clk 00:11:43]} {[%emt 00:00:37]} 27.
Kf2 {[%clk 00:30:14]} {[%emt 00:01:32]} Rb2 {[%clk 00:10:18]} {[%emt 00:01:55]}
28. c4 {[%clk 00:29:36]} {[%emt 00:01:09]} Bg4 {[%clk 00:10:01]} {[%emt
00:00:47]} 29. Nf3 {[%clk 00:29:43]} {[%emt 00:00:22]} Bxf3 {[%clk 00:09:29]}
{[%emt 00:01:03]} 30. Qc3+ {[%clk 00:28:40]} {[%emt 00:01:33]} Kg8 {[%clk
00:07:57]} {[%emt 00:02:02]} 31. Qxb2 {[%clk 00:29:03]} {[%emt 00:00:07]} Bxe2
{[%clk 00:08:21]} {[%emt 00:00:06]} 32. Kxe2 {[%clk 00:29:06]} {[%emt
00:00:27]} Qxf4 {[%clk 00:08:31]} {[%emt 00:00:20]} 33. Qb4 {[%clk 00:29:07]}
{[%emt 00:00:29]} Qg4+ {[%clk 00:08:15]} {[%emt 00:00:46]} 34. Kf2 {[%clk
00:29:24]} {[%emt 00:00:12]} Qf4+ {[%clk 00:07:37]} {[%emt 00:01:08]} 35. Ke2
{[%clk 00:29:45]} {[%emt 00:00:09]} Qg3 {[%clk 00:07:34]} {[%emt 00:00:32]} 36.
Qb7 {[%clk 00:30:01]} {[%emt 00:00:15]} Qg4+ {[%clk 00:07:44]} {[%emt
00:00:19]} 37. Kd3 {[%clk 00:30:12]} {[%emt 00:00:19]} Rd8+ {[%clk 00:08:02]}
{[%emt 00:00:11]} 38. Kc3 {[%clk 00:30:39]} {[%emt 00:00:05]} Qe2 {[%clk
00:06:26]} {[%emt 00:02:06]} 0-1